All Bruno Mars Songs Over 1 Billion Streams - Statistics

General Stats
  • This quiz has been taken 22 times
  • The average score is 8 of 15
Answer Stats
Hint Answer % Correct
2.78 Just the way you are
81%
1.17 The lazy song
81%
1.73 APT.
75%
1.65 Grenade
75%
1.68 24K Magic
69%
2.61 Die with a smile
69%
2.67 When i was your man
69%
1.31 Marry you
56%
1.76 Talking to the moon
44%
2.66 That's what i like
44%
2.68 Locked out of Heaven
38%
1.21 Treasure
38%
1.51 Leave the door open
31%
1.15 Wake up in the sky
19%
1.21 It will rain
13%
No matching quizzes found
Score Distribution
Percent of People with Each Score
Percentile by Number Answered
Your Score History
You have not taken this quiz